Comprehensive Textbook of Nutrition and Therapeutic Diets for BSc and Post Basic Students (Record no. 157432)

MARC details
000 -LEADER
fixed length control field 00403nam a2200133Ia 4500
008 - FIXED-LENGTH DATA ELEMENTS--GENERAL INFORMATION
fixed length control field 230411s9999 xx 000 0 und d
041 ## - LANGUAGE CODE
Language code of text/sound track or separate title eng
082 ## - DEWEY DECIMAL CLASSIFICATION NUMBER
Classification number N/613.2/SOH/B07295
100 ## - MAIN ENTRY--PERSONAL NAME
Personal name Sohi Darshan
245 ## - TITLE STATEMENT
Title Comprehensive Textbook of Nutrition and Therapeutic Diets for BSc and Post Basic Students
260 ## - PUBLICATION, DISTRIBUTION, ETC. (IMPRINT)
Name of publisher, distributor, etc. Jaypee Brothers
Place of publication, distribution, etc. New Delhi
Date of publication, distribution, etc. 2012
300 ## - PHYSICAL DESCRIPTION
Extent 272p
Holdings
Withdrawn status Lost status Damaged status Not for loan Collection code Home library Current library Date acquired Vendor Cost, normal purchase price Bill number Total Checkouts Total Renewals Full call number Barcode Date last seen Date last checked out Cost, replacement price Bill Date Koha item type Original Barcode
          Smt. Bakul Tambat Institute of Nursing Education Smt. Bakul Tambat Institute of Nursing Education 29/11/2012 Jaypee Brothers Medical Publishers 295.00 3646 9 1 N 613.2 SOH B07295 BTIN-BK-7295 16/07/2025 07/07/2025 215.00 29/11/2012 Books B07295